000 00299 a2200145 4500
001 48101
040 _cAnchieta - Aquarius
100 _aNewell, Keith
240 1 0 _aCars
_lpor
245 1 0 _aCars
300 _a10
362 0 _a2007
650 4 _aLiteratura infanto-juvenil em inglês
942 _cBK
999 _c48101
_d48101